000 00785nam a22001577a 4500
005 20251027140241.0
100 _aDiarrassouba, M.
245 _aLatex harvesting technologies adapted to clones IRCA 111, IRCA 130 and PB 260 of Hevea brasiliensis Muell. Arg. of active metabolic class in Southwestern Cote d'Ivoire
260 _bNatural Rubber Industry: An Asset for Socio-economic development and preservation of the Environment: Proceedings of the International Rubber Conference, IRC 2018, 22-23 October 2018, International Rubber Research and Development Board, Abidjan, Cote D' Ivoire, pp. 73-86.
650 _aActive metabolic class
650 _aLatex harvesting technology
700 _aSoumahin, E.F.
700 _aCoulibaly, L.F.
700 _aObouayeba, S.
942 _cAR
999 _c75689
_d75689